Hacia un humanismo cristiano

में बचाया:
ग्रंथसूची विवरण
मुख्य लेखक: Moreno Dossin, Cuadro (autor)
स्वरूप: पुस्तक
भाषा:स्पेनिश
प्रकाशित: Buenos Aires Ediciones Paulinas 1966
श्रृंखला:Colección Imitadores de Cristo, 5
विषय:
टैग: टैग जोड़ें
कोई टैग नहीं, इस रिकॉर्ड को टैग करने वाले पहले व्यक्ति बनें!

MARC

LEADER 00000nam a2200000 a 4500
001 UCT7297
003 CL-VaPUC
008 970117e19660000AG |||||||||||||||||spa|d
082 0 4 |a 144  |b MOR  |2 21 
100 |a Moreno Dossin, Cuadro  |e autor  |9 378217 
245 1 0 |a Hacia un humanismo cristiano 
300 |a 206 p 
942 |c BK 
945 |d 19970117 00:00:00  |a rbrito 
260 |a Buenos Aires  |b Ediciones Paulinas  |c 1966 
650 0 |a Humanismo cristiano  |9 257489 
650 0 |a Humanismo  |9 256530 
650 7 |a HOMBRE  |2 CL-VaPUC  |9 262149 
650 0 |a Dios   |9 266622 
650 7 |a CRISTO  |2 CL-VaPUC  |9 378218 
650 0 |a Valores morales   |9 310604 
583 |a last modification  |c 19970117 00:00:00  |k Rodrigo Vera 
490 0 |a Colección Imitadores de Cristo, 5 
999 |c 255929  |d 255927 
952 |0 0  |1 0  |4 0  |6 144_000000000000000_MOR_1966  |7 0  |8 A  |9 278423  |a BIBTEO  |b BIBTEO  |d 2019-11-19  |i 201050K  |o 144 MOR 1966  |p 201050K  |r 2025-01-17  |w 2019-11-19  |y BK  |k ICR